[Event "ch-GBR"]
[Site "Edinburgh SCO"]
[Date "2003.07.22"]
[Round "8"]
[White "Rudd,J"]
[Black "Mannion,S"]
[Result "1-0"]
[WhiteElo "2219"]
[BlackElo "2339"]

1.e4 e5 2.Nf3 Nc6 3.Bb5 a6 4.Ba4 Nf6 5.O-O Be7 6.Re1 b5 7.Bb3 d6 8.c3 O-O
9.h3 Bb7 10.d4 Re8 11.Nbd2 Bf8 12.a4 h6 13.Bc2 exd4 14.cxd4 Nb4 15.Bb1 c5
16.Ra3 cxd4 17.Nxd4 d5 18.e5 Ne4 19.Nxe4 dxe4 20.Bxe4 Bxe4 21.Rxe4 Rc8 22.Bxh6 f5
23.Re1 Rc4 24.Be3 f4 25.b3 fxe3 26.bxc4 exf2+ 27.Kxf2 Bc5 28.Re4 Nc6 29.Rd3 bxc4
30.Kg3 Qd5 31.Qh5 Rf8 32.Rh4 Qxe5+ 33.Qxe5 Nxe5 34.Rd1 Rd8 35.Re4 Nd3 36.Nf5 c3
37.Rc4 Bb4 38.Rd4 Rxd4 39.Nxd4 Nb2 40.Ra1 Nc4 41.Kf3 Ba3 42.Ke2 Bb2 43.Rf1 Nb6
44.a5 Na4 45.Kd3 Nc5+ 46.Kc2 Nb7 47.Nc6 Nd6 48.Rf4 Kh7 49.Nb4 Nb7 50.Rf5 Nd6
51.Rd5 Nc4 52.Rc5 Ne3+ 53.Kb3 Nxg2 54.Nxa6 Nf4 55.Nb4 Ne6 56.Rc4 Bc1 57.Nd5 c2
58.Kxc2  1-0

[Event "ch-GBR"]
[Site "Edinburgh SCO"]
[Date "2003.07.24"]
[Round "10"]
[White "Ramaswamy,A"]
[Black "Mannion,S"]
[Result "1/2-1/2"]
[WhiteElo "2316"]
[BlackElo "2339"]

1.e4 e5 2.Nf3 Nc6 3.Bb5 a6 4.Ba4 Nf6 5.O-O Be7 6.Re1 b5 7.Bb3 d6 8.c3 O-O
9.h3 Bb7 10.d4 Re8 11.Ng5 Rf8 12.Nf3 Re8 13.Nbd2 Bf8 14.d5 Nb8 15.Nf1 Nbd7
16.N3h2 Nc5 17.Bc2 c6 18.Bg5 h6 19.Bxf6 Qxf6 20.Ng4 Qd8 21.Nge3 a5 22.b4 axb4
23.cxb4 Na4 24.dxc6 Bxc6 25.Nd5 Bxd5 26.Qxd5 Qd7 27.Ne3 Rec8 28.Bb3 Nc3 29.Qd3 Ra7
30.Nd5 Nxd5 31.Qxd5 Qc6 32.Qxc6 Rxc6 33.Rac1 Rxc1 34.Rxc1 d5 35.Bxd5 Bxb4
36.Rb1  1/2-1/2

[Event "It"]
[Site "Biel SUI"]
[Date "2003.07.31"]
[Round "10"]
[White "Smirin,I"]
[Black "Bacrot,E"]
[Result "1/2-1/2"]
[WhiteElo "2656"]
[BlackElo "2645"]

1.e4 e5 2.Nf3 Nc6 3.Bb5 a6 4.Ba4 Nf6 5.O-O Be7 6.Re1 b5 7.Bb3 d6 8.c3 O-O
9.h3 Bb7 10.d4 Re8 11.Nbd2 Bf8 12.a4 h6 13.d5 Nb8 14.Qe2 Nbd7 15.c4  1/2-1/2

[Event "23rd Open"]
[Site "Bratto ITA"]
[Date "2003.08.23"]
[Round "3"]
[White "Isonzo,D"]
[Black "Dervishi,E"]
[Result "0-1"]
[WhiteElo "2347"]
[BlackElo "2495"]

1.e4 e5 2.Nf3 Nc6 3.Bb5 a6 4.Ba4 Nf6 5.O-O Be7 6.Re1 b5 7.Bb3 d6 8.c3 O-O
9.h3 Bb7 10.d4 Re8 11.Nbd2 Bf8 12.d5 Nb8 13.Nf1 Nbd7 14.N3h2 Nc5 15.Bc2 c6
16.b4 Ncd7 17.dxc6 Bxc6 18.Bg5 Qc8 19.Bxf6 Nxf6 20.Ng4 Nxg4 21.hxg4 Bd7 22.Ne3 Qxc3
23.Nd5 Qc6 24.Bb3 Rac8 25.g5 Be6 26.Re3 Be7 27.Qh5 Qb7 28.Rg3 Kh8 29.Re1 Rf8
30.Nf6 h6 31.gxh6 g6 32.Qg5 Bxb3 33.Rxb3 Qc7 34.Rf3 Qd8 35.g4 Rc6 36.Qh4 d5
37.g5 d4 38.a3 Bxf6 39.gxf6 Kh7 40.Qg5 Re8 41.Rd1 Ree6 42.Rdd3 Qd6 43.Rf5 Rc3
44.Rd1 Rxa3 45.f4 Qxb4 46.Rxe5 Qb3 47.Qg4 Qe3+ 48.Kh1 Rxe5 49.fxe5 Ra2  0-1

[Event "ch-FRA"]
[Site "Aix les Bains FRA"]
[Date "2003.08.27"]
[Round "9"]
[White "Sokolov,And1"]
[Black "Bacrot,E"]
[Result "1-0"]
[WhiteElo "2554"]
[BlackElo "2645"]

1.e4 e5 2.Nf3 Nc6 3.Bb5 a6 4.Ba4 Nf6 5.O-O Be7 6.Re1 b5 7.Bb3 d6 8.c3 O-O
9.h3 Bb7 10.d4 Re8 11.Ng5 Rf8 12.Nf3 Re8 13.Nbd2 Bf8 14.Bc2 Nb8 15.a4 Nbd7
16.Bd3 c6 17.b4 Nb6 18.axb5 axb5 19.Rxa8 Qxa8 20.Nb3 Qb8 21.Na5 Ba8 22.Bg5 Nfd7
23.Bh4 g6 24.Bg3 Bg7 25.Qb3 Nf8 26.c4 bxc4 27.Nxc4 Nbd7 28.Qa2 Ne6 29.Rb1 h6
30.Qa5 Nf4 31.Bxf4 exf4 32.b5 c5 33.d5 f5 34.exf5 Bxd5 35.b6 Bxf3 36.gxf3 d5
37.Qb5 Rd8 38.Na5 Ne5 39.Nc6 Nxc6 40.Qxc6 c4 41.Qe6+ Kh8 42.f6 cxd3 43.fxg7+ Kh7
44.Rd1 Kxg7 45.Qe7+ Kg8 46.Ra1 Re8 47.Qf6 d2 48.Qxg6+ Kf8 49.Qf6+ Kg8 50.Kh2 Re1
51.Ra7  1-0

[Event "23rd Open"]
[Site "Bratto ITA"]
[Date "2003.08.28"]
[Round "8"]
[White "Bellia,F"]
[Black "Dervishi,E"]
[Result "1-0"]
[WhiteElo "2397"]
[BlackElo "2495"]

1.e4 e5 2.Nf3 Nc6 3.Bb5 a6 4.Ba4 Nf6 5.O-O Be7 6.Re1 b5 7.Bb3 d6 8.c3 O-O
9.h3 Bb7 10.d4 Re8 11.a4 h6 12.Nbd2 Bf8 13.Bc2 exd4 14.cxd4 Nb4 15.Bb1 c5
16.d5 Nd7 17.Ra3 f5 18.exf5 Nf6 19.axb5 axb5 20.Ne4 Bxd5 21.Rxa8 Bxa8 22.Nxf6+ gxf6
23.Re6 Rxe6 24.fxe6 Qe8 25.Qe2 Bd5 26.Bf5 Nc6 27.Nh4 Bg7 28.Be3 Bxe6 29.Qg4 Bf7
30.Bd7 Ne5 31.Bxe8 Nxg4 32.Bxf7+ Kxf7 33.hxg4 Bf8 34.Nf5 Kg6 35.Kf1 d5 36.Ke2 b4
37.Kd3 b3 38.Bf4 c4+ 39.Kc3 h5 40.Ne3 hxg4 41.Nxd5  1-0

[Event "European GP"]
[Site "Izmir TUR"]
[Date "2003.08.29"]
[Round "5"]
[White "Haznedaroglu,K"]
[Black "Guner,B"]
[Result "1-0"]
[WhiteElo "2282"]
[BlackElo "2136"]

1.e4 e5 2.Nf3 Nc6 3.Bb5 a6 4.Ba4 Nf6 5.O-O Be7 6.Re1 b5 7.Bb3 d6 8.c3 O-O
9.h3 Bb7 10.d4 Re8 11.Nbd2 Bf8 12.a3 h6 13.Bc2 Nb8 14.b4 Nbd7 15.Bb2 Rb8
16.c4 exd4 17.cxb5 axb5 18.Nxd4 c5 19.Nf5 Ne5 20.f4 Ng6 21.e5 dxe5 22.fxe5 Nd5
23.e6 Rxe6 24.Rxe6 fxe6 25.Nxh6+ gxh6 26.Bxg6 Qg5 27.Be4 cxb4 28.axb4 Bg7
29.Bxg7 Qxg7 30.Qe1 Kh8 31.Kh1 Ne3 32.Ra7 Nd5 33.Nf3 Ra8 34.Rxa8+ Bxa8 35.Qh4 Bc6
36.Qd8+ Qg8 37.Qd6 Qe8 38.Ne5 Bb7 39.Ng4 Qf7 40.Qe5+  1-0

[Event "Polish Extraleague"]
[Site "Lubniewice POL"]
[Date "2003.08.30"]
[Round "1"]
[White "Jaracz,P"]
[Black "Czerwonski,A"]
[Result "1-0"]
[WhiteElo "2539"]
[BlackElo "2373"]

1.e4 e5 2.Nf3 Nc6 3.Bb5 a6 4.Ba4 Nf6 5.O-O Be7 6.Re1 b5 7.Bb3 d6 8.c3 O-O
9.h3 Bb7 10.d4 Re8 11.Nbd2 Bf8 12.a3 h6 13.Bc2 Nb8 14.b4 Nbd7 15.Bb2 Qb8
16.Qb1 Nb6 17.c4 exd4 18.cxb5 axb5 19.Nxd4 c6 20.Nf5 Qd8 21.Bc3 Nfd7 22.Re3 Ne5
23.Bb3 Nbc4 24.Bxc4 bxc4 25.Bxe5 dxe5 26.Nxc4 Ba6 27.Qb3 g6 28.Rd3 Qf6 29.Nfe3 Qf4
30.Rd7 Bc8 31.Rc7 Be6 32.Qc2 Bxb4 33.Rxc6 Bf8 34.a4 Red8 35.Nb6 Ra7 36.Ned5 Qg5
37.Qc3 Rd6 38.Rxd6 Bxd6 39.a5 Qh4 40.Nc8 Bxd5 41.Nxd6 Be6 42.a6 Qd8 43.Nb5 Ra8
44.Qxe5 Qb6 45.Nc7 Qb8 46.Ra5 Ra7 47.Nxe6  1-0

[Event "European GP"]
[Site "Izmir TUR"]
[Date "2003.09.01"]
[Round "7"]
[White "Ulker,A"]
[Black "Guner,B"]
[Result "1/2-1/2"]
[WhiteElo "2262"]
[BlackElo "2136"]

1.e4 e5 2.Nf3 Nc6 3.Bb5 a6 4.Ba4 Nf6 5.O-O Be7 6.Re1 b5 7.Bb3 O-O 8.c3 d6
9.h3 Bb7 10.d4 Re8 11.Nbd2 Bf8 12.d5 Nb8 13.Nf1 Nbd7 14.Ng3 Nc5 15.Bc2 c6
16.b4 Ncd7 17.dxc6 Bxc6 18.a4 Qc7 19.axb5 axb5 20.Rxa8 Bxa8 21.Qd3 h6 22.Bb3 Bc6
23.c4 bxc4 24.Qxc4 Nb6 25.Qc2 Qb7 26.Bd2 Nbd7 27.Nh4 d5 28.Rc1 Nb8 29.exd5 Bxd5
30.Ba4 Rd8 31.b5 Nbd7 32.Be3 Nb6 33.Bb3 Rc8 34.Bxd5 Qxd5 35.Qe2 Rxc1+ 36.Bxc1 Nc4
37.Nf3 Qxb5 38.Nxe5 Qxe5 39.Qxc4 Bc5 40.Nf1 Ne4 41.Be3  1/2-1/2

[Event "TCh-CHN Women"]
[Site "Tianjing CHN"]
[Date "2003.09.02"]
[Round "3"]
[White "Qin Kanying"]
[Black "Li Ruofan"]
[Result "1/2-1/2"]
[WhiteElo "2473"]
[BlackElo "2433"]

1.e4 e5 2.Nf3 Nc6 3.Bb5 a6 4.Ba4 Nf6 5.O-O Be7 6.Re1 b5 7.Bb3 d6 8.c3 O-O
9.h3 Bb7 10.d4 Re8 11.Nbd2 Bf8 12.d5 Nb8 13.Nf1 Nbd7 14.N3h2 Nc5 15.Bc2 c6
16.b4 Ncd7 17.dxc6 Bxc6 18.Bg5 h6 19.Bxf6 Nxf6 20.Ng4 Nxg4 21.Qxg4 Bd7 22.Qd1 Qc7
23.Ne3 Qxc3 24.Nd5 Qc6 25.Bb3 Qb7 26.a4 bxa4 27.Bxa4 Bb5 28.Qg4 Rec8 29.Bxb5 Qxb5
30.Ra5 Qc4 31.Rea1 Rcb8 32.R5a3 Ra7 33.Rc3 Qb5 34.Rac1 a5 35.Rc7 Rxc7 36.Rxc7 axb4
37.Nf6+ Kh8 38.Rxf7 Qc4 39.Qg6 Qc1+ 40.Kh2 Qf4+ 41.Kg1 Qc1+ 42.Kh2 Qf4+  1/2-1/2

[Event "LXXVII ch-ARG"]
[Site "Tres de Febrero ARG"]
[Date "2003.09.04"]
[Round "2"]
[White "Mareco,S"]
[Black "Jimenez,Jo"]
[Result "1/2-1/2"]
[WhiteElo "2162"]
[BlackElo "2232"]

1.e4 e5 2.Nf3 Nc6 3.Bb5 a6 4.Ba4 Nf6 5.O-O Be7 6.Re1 b5 7.Bb3 d6 8.c3 O-O
9.h3 Bb7 10.d4 Re8 11.Ng5 Rf8 12.Nf3 Re8 13.Nbd2 Bf8 14.a4 h6 15.Bc2 exd4
16.cxd4 Nb4 17.Bb1 bxa4 18.Rxa4 a5 19.b3 Ra6 20.Bb2 d5 21.e5 Nd7 22.Nf1 c5
23.dxc5 Nxc5 24.Ra1 Ne4 25.Ng3 Nxg3 26.fxg3 Bc5+ 27.Kh2 Rae6 28.Bf5 R6e7
29.Rc1 Bb6 30.Nd4 Bxd4 31.Bxd4 Nc6 32.Bb2 d4 33.e6 fxe6 34.Bb1 Nb4 35.Qxd4 Qxd4
36.Bxd4 Bd5 37.Re3 Nc6 38.Bc5 Rb7 39.Rcc3 a4 40.Bc2 axb3 41.Bxb3 Bxb3 42.Rxb3 Rxb3
43.Rxb3 Rb8 44.Rxb8+ Nxb8 45.g4  1/2-1/2

[Event "4th YM"]
[Site "Lausanne SUI"]
[Date "2003.09.20"]
[Round "2.2"]
[White "Naiditsch,A"]
[Black "Bacrot,E"]
[Result "1/2-1/2"]
[WhiteElo "2574"]
[BlackElo "2645"]

1.e4 e5 2.Nf3 Nc6 3.Bb5 a6 4.Ba4 Nf6 5.O-O Be7 6.Re1 b5 7.Bb3 d6 8.c3 O-O
9.h3 Bb7 10.d4 Re8 11.Nbd2 Bf8 12.d5 Nb8 13.Nf1 Nbd7 14.N3h2 Nc5 15.Bc2 c6
16.b4 Ncd7 17.dxc6 Bxc6 18.Bg5 h6 19.Bxf6 Nxf6 20.Ng4 Nxg4 21.Qxg4 Bd7 22.Qd1 Rc8
23.Re3 Be6 24.Bb3 Re7 25.Rg3 Rec7 26.Rc1 Qh4 27.Bd5 Bxd5 28.Qxd5 Rc4 29.Rf3 R8c7
30.Ng3 Qe7 31.Qd2 Qe6 32.Rc2 a5 33.a3 axb4 34.axb4 g6 35.Qd3 h5 36.Nf1 Bh6
37.Nd2 Bxd2 38.Rxd2 R7c6 39.Rd1 Ra6 40.Qe2 Qe7 41.Rd5 Rac6 42.Qd2 Rxe4 43.Rxb5 Kg7
44.Ra5 Rec4 45.b5 R6c5 46.Qa2 e4 47.Ra7 Rc7 48.Rxc7 Rxc7 49.Re3 Qe5 50.b6 Rb7
51.Qa6 Qd5 52.Re1 Rb8 53.Rb1 Qd3 54.Qxd3 exd3 55.Kf1 Kf6 56.Ke1 Ke6 57.Kd2 Kd5
58.Rb4 Kc5 59.Rf4 f5 60.Rb4 Rxb6 61.Rxb6 Kxb6 62.h4 Kc5 63.Kxd3 Kd5 64.c4+ Ke5
65.Kc3 d5 66.cxd5 Kxd5 67.Kd3 Ke5 68.Ke3 f4+ 69.Kd3 Kd5 70.f3 Ke5 71.Kc4 g5
72.hxg5  1/2-1/2

[Event "ECC"]
[Site "Rethymnon GRE"]
[Date "2003.10.02"]
[Round "5"]
[White "Borriss,M"]
[Black "Ahlander,B"]
[Result "1-0"]
[WhiteElo "2445"]
[BlackElo "2393"]

1.e4 e5 2.Nf3 Nc6 3.Bb5 a6 4.Ba4 Nf6 5.O-O Be7 6.Re1 b5 7.Bb3 O-O 8.h3 d6
9.c3 Bb7 10.d4 Na5 11.Bc2 Nc4 12.b3 Nb6 13.Nbd2 Re8 14.Nf1 Bf8 15.Ng3 g6
16.Bg5 h6 17.Bd2 Bg7 18.Rc1 Re7 19.Bb1 Qe8 20.d5 c5 21.Be3 Kh7 22.Nh2 Nbd7
23.Rc2 Qf8 24.Rf1 Rae8 25.Rb2 Ng8 26.a4 Rb8 27.Bd3 Bc8 28.Qe2 bxa4 29.bxa4 Rxb2
30.Qxb2 Qd8 31.Rb1 Ngf6 32.Nf3 Ne8 33.Nd2 Bf6 34.Nc4 h5 35.Nf1 Kg8 36.Nfd2 h4
37.Nb3 Nb6 38.Nca5 Nxa4 39.Qa1 Bd7 40.Nc6 Bxc6 41.dxc6 Nb6 42.Qa5 Ra7 43.Nd2 d5
44.Bxc5 dxe4 45.Bxb6 Qxd3 46.Bxa7 Qxd2 47.c7 Qd7 48.Rb8 Qd1+ 49.Kh2 Bg5 50.Rxe8+ Kh7
51.Qxe5  1-0

[Event "3rd Rohde Open"]
[Site "Sautron FRA"]
[Date "2003.10.31"]
[Round "7"]
[White "Delorme,Ax"]
[Black "Prasad,D"]
[Result "1/2-1/2"]
[WhiteElo "2090"]
[BlackElo "2409"]

1.e4 e5 2.Nf3 Nc6 3.Bb5 a6 4.Ba4 Nf6 5.O-O b5 6.Bb3 Be7 7.Re1 d6 8.c3 O-O
9.h3 Bb7 10.d4 Re8 11.Nbd2 Bf8 12.d5 Nb8 13.Nf1 Nbd7 14.N3h2 Nc5 15.Bc2 c6
16.b4 Ncd7 17.dxc6 Bxc6 18.Bg5 Qc7 19.Bxf6 Nxf6 20.Ng4 Nxg4 21.Qxg4 d5 22.exd5 Bxd5
23.Qg3 g6 24.Bb3 Bxb3 25.axb3 Rac8 26.Rec1 e4  1/2-1/2

[Event "2nd Milk Tournament"]
[Site "Selfoss ISL"]
[Date "2003.11.03"]
[Round "5"]
[White "De Firmian,N"]
[Black "Fressinet,L"]
[Result "0-1"]
[WhiteElo "2553"]
[BlackElo "2654"]

1.e4 e5 2.Nf3 Nc6 3.Bb5 a6 4.Ba4 Nf6 5.O-O Be7 6.Re1 b5 7.Bb3 d6 8.c3 O-O
9.h3 Bb7 10.d4 Nd7 11.Nbd2 Bf6 12.Nf1 Re8 13.N1h2 exd4 14.cxd4 Na5 15.Bc2 c5
16.Ng4 cxd4 17.Nxd4 Bxd4 18.Qxd4 Rc8 19.Ne3 Nf6 20.f3 d5 21.exd5 Nxd5 22.Bf5 Rc4
23.Qd1 Qb6 24.Kh2 Rxc1 25.Rxc1 Nxe3 26.Qd7 Bc6 27.Qd3 g6 28.Be4 Nec4 29.Bxc6 Rxe1
30.Rxe1 Nxc6 31.Re8+ Kg7 32.b3 Qc7+ 33.Kh1 N4e5 34.Qc3 g5 35.h4 h6 36.hxg5 hxg5
37.Qc5 f6 38.Ra8 a5 39.Qxb5 Nd4 40.Qd5 Qc1+ 41.Kh2 Qf4+ 42.Kh1 Qh4+ 43.Kg1 Qe1+
44.Kh2 Nexf3+ 45.gxf3 Qf2+ 46.Kh3 Qf1+ 47.Kg3 Ne2+  0-1

[Event "7th BayEM"]
[Site "Bad Wiessee GER"]
[Date "2003.11.15"]
[Round "8"]
[White "Luther,T"]
[Black "Thinius,M"]
[Result "1/2-1/2"]
[WhiteElo "2580"]
[BlackElo "2389"]

1.e4 e5 2.Nf3 Nc6 3.Bb5 a6 4.Ba4 Nf6 5.O-O Be7 6.Re1 b5 7.Bb3 d6 8.c3 O-O
9.h3 Bb7 10.d4 Nd7 11.a4 Bf6 12.Na3 Nb6 13.d5 Ne7 14.axb5 axb5 15.Be3 c6
16.dxc6 Bxc6 17.Bxb6 Qxb6 18.Qxd6 Rfd8 19.Qb4 Qb7 20.Rad1 Rxd1 21.Rxd1 Bxe4
22.Nxb5 Nf5 23.Nc7 Qxb4 24.cxb4 Rd8 25.Nd5 Bxd5 26.Rxd5 Nd4 27.Rxd8+ Bxd8
28.Nd2 Bg5 29.Ne4 Be7 30.Bc4 Nf5 31.Nc5 Nd6 32.Bd5 Nc8 33.Nd7 Bd6 34.Bb7 Na7
35.Ba6 Bxb4 36.Nxe5 f6 37.Nd3 Bd6 38.b4 Nc6 39.b5 Nb4 40.Nb2 Nd5 41.Bb7 Nb6
42.Be4 Kf7 43.Kf1 h6 44.Ke2 Ke6 45.Nd3 Nc4 46.f4 Nb6 47.f5+ Ke7 48.Ke3 Bh2
49.Bc6 Bd6 50.Kd4 Na4 51.Bf3 Nb6 52.Nc5 Be5+ 53.Kd3 Bd6 54.Nb3 Bg3 55.Nd4 Bf2
56.Bd1 Bxd4 57.Kxd4 Kd6 58.Bf3 Nd7 59.Kc4 Nb6+ 60.Kb4 Nd7 61.Ka5 Kc7 62.Bd5 Nb6
63.Be6 Na8 64.Kb4 Kd6 65.Kc4 Nb6+ 66.Kd4 Na4 67.Bb3 Nb6 68.Bd1 Nd7 69.Bf3 Nb6
70.Bc6 Na4 71.Ke4 Nb6 72.Kf4 Nc4 73.Kg4 Ke7 74.Kh5 Nb6 75.Kg6 Kf8 76.Bf3 Nd7
77.Bd5 Nb6 78.Be6 Na4 79.g4 Nb6 80.h4 Na4 81.g5 hxg5 82.hxg5 fxg5 83.Kxg5 Ke7
84.Kg6 Kf8 85.Bd7 Nb6 86.Be8 Na4  1/2-1/2

[Event "7th Cup GM"]
[Site "Paks HUN"]
[Date "2003.11.27"]
[Round "9"]
[White "Pataki,G"]
[Black "Toth,An1"]
[Result "1/2-1/2"]
[WhiteElo "2367"]
[BlackElo "2419"]

1.e4 e5 2.Nf3 Nc6 3.Bb5 a6 4.Ba4 Nf6 5.O-O Be7 6.Re1 b5 7.Bb3 d6 8.c3 O-O
9.h3 Bb7 10.d4 Nb8 11.Nbd2 Nbd7 12.a4 Re8 13.Ng5 Rf8 14.Ngf3 Re8 15.Ng5 Rf8  1/2-1/2

[Event "Open"]
[Site "Santo Domingo DOM"]
[Date "2003.12.01"]
[Round "6"]
[White "Solleveld,Maa"]
[Black "Bruzon,L"]
[Result "1-0"]
[WhiteElo "2484"]
[BlackElo "2603"]

1.e4 e5 2.Nf3 Nc6 3.Bb5 a6 4.Ba4 Nf6 5.O-O Be7 6.Re1 b5 7.Bb3 d6 8.c3 O-O
9.h3 Bb7 10.d4 Re8 11.Ng5 Rf8 12.Nf3 Re8 13.Nbd2 Bf8 14.a4 exd4 15.cxd4 Nb4
16.Ng5 Re7 17.axb5 axb5 18.Rxa8 Bxa8 19.Nxf7 Rxf7 20.Bxf7+ Kxf7 21.Qb3+ d5
22.e5 Ne8 23.Ne4 h6 24.Nc5 Bxc5 25.dxc5 Nc6 26.Qxb5 Nd4 27.Qa4 Ne6 28.c6 Nc5
29.Qb5 Ne6 30.Be3 d4 31.Bd2  1-0

[Event "Christmas Open"]
[Site "Zadar CRO"]
[Date "2003.12.17"]
[Round "4"]
[White "Ljubicic,F"]
[Black "Blagojevic,D"]
[Result "1/2-1/2"]
[WhiteElo "2398"]
[BlackElo "2521"]

1.e4 e5 2.Nf3 Nc6 3.Bb5 a6 4.Ba4 Nf6 5.O-O Be7 6.Re1 b5 7.Bb3 d6 8.c3 O-O
9.h3 Bb7 10.d4 Re8 11.Nbd2 Bf8 12.d5 Ne7 13.Nf1 Ng6 14.a4 h6 15.c4 c6 16.Ra3 bxc4
17.Bxc4 cxd5 18.exd5 e4 19.N3d2 Ne5 20.Ne3 Rc8 21.Bf1 Rc7 22.Ndc4 Nxc4 23.Bxc4 Qa8
24.b3 Rc5 25.Bb2 Nxd5 26.Bxd5 Rxd5 27.Nxd5 Bxd5 28.b4 Qb7 29.Qd4 Bc6 30.Rg3 f5
31.a5 Bb5 32.Rc1 Qf7 33.Rgc3 f4 34.Rc8 e3 35.Rxe8 Qxe8 36.Qxf4 e2 37.Qe3 Qg6
38.Kh2 d5 39.Qd4 Qd6+ 40.g3 Qe6 41.Re1 Bd7 42.Kg1 Bb5 43.Kh2 Bd7  1/2-1/2

[Event "10th Open"]
[Site "Bosnjaci CRO"]
[Date "2004.01.05"]
[Round "4"]
[White "Brkic,A"]
[Black "Blagojevic,D"]
[Result "1/2-1/2"]
[WhiteElo "2420"]
[BlackElo "2513"]

1.e4 e5 2.Nf3 Nc6 3.Bb5 a6 4.Ba4 Nf6 5.O-O Be7 6.Re1 b5 7.Bb3 d6 8.c3 O-O
9.h3 Bb7 10.d4 Re8 11.Nbd2 Bf8 12.d5 Ne7 13.Nf1 Ng6 14.a4 h6 15.N3h2 Nd7
16.Bc2 c6  1/2-1/2

[Event "It"]
[Site "Bermuda BER"]
[Date "2004.01.17"]
[Round "3"]
[White "Shabalov,A"]
[Black "Vescovi,G"]
[Result "0-1"]
[WhiteElo "2623"]
[BlackElo "2633"]

1.e4 e5 2.Nf3 Nc6 3.Bb5 a6 4.Ba4 Nf6 5.O-O Be7 6.Re1 b5 7.Bb3 d6 8.c3 O-O
9.h3 Bb7 10.d4 Re8 11.Nbd2 Bf8 12.Bc2 Nb8 13.b3 Nbd7 14.d5 c6 15.c4 Qc7 16.Nf1 Rec8
17.Ne3 a5 18.Bd2 bxc4 19.bxc4 Ba6 20.Rc1 Nc5 21.dxc6 Qxc6 22.Nd5 Nxd5 23.exd5 Qd7
24.Bxa5 Bxc4 25.Bxh7+ Kxh7 26.Rxc4 Rxa5 27.Ng5+ Kg6 28.Rg4 Qf5 29.Re3 Ra4
30.Rf3 Rf4 31.Ne6+ Kh7 32.Nxf4 exf4 33.Rgxf4 Qg6 34.Rxf7 Kg8 35.R7f4 Be7
36.Rg3 Qh6 37.Qg4 Rb8 38.Kh2 Bf6 39.Rf5 Rf8 40.f4 Qh7 41.a4 Kf7 42.Re3 Ra8
43.a5 Qh8 44.Rg3 Rxa5 45.Qg6+ Ke7 46.Re3+ Kd8 47.Qf7 Nd7 48.Rxf6 gxf6 49.Re7 Ra7
50.Qe6 Rb7 51.Qxd6 Qh6 52.Re4 Qf8 53.Qa6 Rb6 54.Qa8+ Nb8 55.Qa7 Nd7 56.Qa8+ Nb8
57.Qa4 Nd7 58.Re6 Qc5 59.Qe4 Rb4  0-1

[Event "It"]
[Site "Bermuda BER"]
[Date "2004.01.18"]
[Round "4"]
[White "Gelfand,B"]
[Black "Vescovi,G"]
[Result "1/2-1/2"]
[WhiteElo "2709"]
[BlackElo "2633"]

1.e4 e5 2.Nf3 Nc6 3.Bb5 a6 4.Ba4 Nf6 5.O-O Be7 6.Re1 b5 7.Bb3 d6 8.c3 O-O
9.h3 Bb7 10.d4 Re8 11.Nbd2 Bf8 12.a3 h6 13.Bc2 Nb8 14.b3 Nbd7 15.Bb2 g6 16.a4 c6
17.Bd3 Qc7 18.Qc2 Rac8 19.b4 Nb6 20.axb5 cxb5 21.d5 h5 22.Nb3 Bh6 23.Na5 Ba8
24.Bf1 Nbxd5 25.exd5 Nxd5 26.c4 Nb6 27.c5 Na4 28.Rxa4 bxa4 29.Bxa6 Rb8 30.Qxa4 Bxf3
31.gxf3 dxc5 32.Nc6 Qd7 33.b5 Qd2 34.Qa1 Qg5+ 35.Kf1 Qf4 36.Kg2 Qg5+ 37.Kf1 Qf4
38.Kg2  1/2-1/2

[Event "Itau Cup 450th Ann"]
[Site "Sao Paulo BRA"]
[Date "2004.01.19"]
[Round "4"]
[White "Leitao,R"]
[Black "Batista,Re1"]
[Result "1-0"]
[WhiteElo "2566"]
[BlackElo "2212"]

1.e4 e5 2.Nf3 Nc6 3.Bb5 a6 4.Ba4 Nf6 5.O-O Be7 6.Re1 b5 7.Bb3 d6 8.c3 O-O
9.h3 Bb7 10.d4 Re8 11.Nbd2 Bf8 12.d5 Nb8 13.Nf1 h6 14.N3h2 c6 15.dxc6 Bxc6
16.Qf3 Nbd7 17.Ng4 Qe7 18.Ng3 Nxg4 19.Nf5 Qf6 20.hxg4 Nc5 21.Nxh6+ Kh7 22.Qxf6 gxf6
23.Nf5 Nxb3 24.axb3 d5 25.exd5 Bxd5 26.b4 Be6 27.f3 Bxf5 28.gxf5 Bh6 29.Kf2 Bxc1
30.Rexc1 Red8 31.Rd1 Rxd1 32.Rxd1 a5 33.bxa5 Rxa5 34.Rd5 Kh6 35.g4 Kg5 36.Kg3 Kh6
37.c4 Ra4 38.b3  1-0

[Event "1st WinTV Open"]
[Site "Chennai IND"]
[Date "2004.01.21"]
[Round "1"]
[White "Venkatesh,M"]
[Black "Matta,V"]
[Result "1-0"]
[WhiteElo "2392"]
[BlackElo "2076"]

1.e4 e5 2.Nf3 Nc6 3.Bb5 a6 4.Ba4 Nf6 5.O-O Be7 6.Re1 b5 7.Bb3 d6 8.c3 O-O
9.h3 Bb7 10.d4 Re8 11.Nbd2 Bf8 12.d5 Nb8 13.Nf1 c6 14.dxc6 Bxc6 15.Ng3 g6
16.Ng5 d5 17.Qf3 Bg7 18.Rd1 Nbd7 19.exd5 e4 20.Nxf7 Qb8 21.Nxe4 Rxe4 22.dxc6 Nc5
23.Rd8+ Qxd8 24.Nxd8+ Nxb3 25.axb3 Re1+ 26.Kh2 Rxd8 27.c7 Rc8 28.Qb7  1-0

[Event "1st WinTV Open"]
[Site "Chennai IND"]
[Date "2004.01.22"]
[Round "3"]
[White "Bartakke,A"]
[Black "Matta,V"]
[Result "0-1"]
[WhiteElo "2279"]
[BlackElo "2076"]

1.e4 e5 2.Nf3 Nc6 3.Bb5 a6 4.Ba4 Nf6 5.O-O Be7 6.Re1 b5 7.Bb3 d6 8.c3 O-O
9.h3 Bb7 10.d4 Re8 11.Nbd2 Bf8 12.Bc2 g6 13.d5 Nb8 14.a4 Nbd7 15.b4 c6 16.dxc6 Bxc6
17.Nb3 bxa4 18.Na5 Rc8 19.Nxc6 Rxc6 20.Bd2 Nb6 21.Bd3 d5 22.exd5 Qxd5 23.Bxa6 Rd6
24.Qe2 Qa8 25.Bb5 Red8 26.Qxe5 Bg7 27.Qe2 Re6 28.Be3 Nfd5 29.Bxb6 Rxe2 30.Bxd8 Rxe1+
31.Rxe1 Qxd8 32.Re8+ Qxe8 33.Bxe8 a3 34.Ng5 a2 35.Bxf7+ Kf8 36.Bxd5 a1=Q+
37.Kh2 Qxc3  0-1

[Event "Gibraltar Masters"]
[Site "Catalan Bay ENG"]
[Date "2004.01.27"]
[Round "1"]
[White "Del Rio Angelis,S"]
[Black "Mannion,S"]
[Result "1-0"]
[WhiteElo "2504"]
[BlackElo "2352"]

1.e4 e5 2.Nf3 Nc6 3.Bb5 a6 4.Ba4 Nf6 5.O-O Be7 6.Re1 b5 7.Bb3 d6 8.c3 O-O
9.h3 Bb7 10.d4 Re8 11.Bc2 Nb8 12.Nbd2 Bf8 13.d5 c6 14.c4 Nbd7 15.b3 a5 16.dxc6 Bxc6
17.cxb5 Bxb5 18.Nb1 Rc8 19.Bb2 Nc5 20.Nc3 Ba6 21.Nh2 Ne6 22.Bd3 Bxd3 23.Qxd3 Nf4
24.Qf3 Qb6 25.Ng4 Nxg4 26.hxg4 Qa6 27.Rad1 Be7 28.g3 Ne6 29.Qd3 Qb7 30.Nd5 Bg5
31.Re2 Rc6 32.Rf1 Bd8 33.Rc2 Rxc2 34.Qxc2 Bb6 35.Rc1 Bc5 36.Kg2 f6 37.Qe2 Kh8
38.Rc4 Nd8 39.Rc1 Ne6 40.Qc4 h6 41.Rc2 Kh7 42.a3 Bd4 43.b4 axb4 44.axb4 Bxb2
45.Rxb2 Nd4 46.Qc7 Qxc7 47.Nxc7 Rc8 48.Nd5 Nb5 49.Kf3 Ra8 50.Ne3 Ra3 51.Kg2 Kg8
52.Nf5 Kf7 53.Rd2 Ra6 54.Rd5 Nc3 55.Rxd6 Rxd6 56.Nxd6+ Ke6 57.Nf5 g6 58.Nh4 g5
59.Nf5 Nxe4 60.Nxh6 Kd5 61.Ng8 Ke6 62.b5 Nd6 63.b6 Kf7 64.Nh6+ Ke6 65.f3 Kd7
66.Ng8 Ke6 67.Kf2 e4 68.fxe4 Ke5 69.Kf3 Ke6 70.Ke2 Ke5 71.Kd1 Kxe4 72.Nxf6+ Kf3
73.Kc2 Nb7 74.Kd3 Kxg3 75.Ke4 Nd6+ 76.Kd5 Nb7 77.Kc6 Na5+ 78.Kc7 Kf4 79.b7 Nxb7
80.Kxb7 Ke5 81.Nh5  1-0

[Event "1st WinTV Open"]
[Site "Chennai IND"]
[Date "2004.01.29"]
[Round "10"]
[White "Prasad,D"]
[Black "Babu,NS"]
[Result "1/2-1/2"]
[WhiteElo "2395"]
[BlackElo "2339"]

1.e4 e5 2.Nf3 Nc6 3.Bb5 a6 4.Ba4 Nf6 5.O-O Be7 6.Re1 b5 7.Bb3 d6 8.c3 O-O
9.h3 Bb7 10.d4 Re8 11.Nbd2 Bf8 12.a3 g6 13.Bc2 Bg7 14.Nb3 a5 15.d5 Nb8 16.a4 c6
17.dxc6 Bxc6 18.axb5 Bxb5 19.Bg5 Qc7 20.Bxf6 Bxf6 21.Nbd2 Nd7 22.Ba4 Rab8
23.Ra2 Rec8 24.Bxb5 Rxb5 25.Nf1 Rcb8 26.Re2 Qc4 27.Ra4 Qc6 28.Ra2 Qc4 29.Ra4  1/2-1/2

[Event "1st WinTV Open"]
[Site "Chennai IND"]
[Date "2004.02.01"]
[Round "13"]
[White "Smirnov,P"]
[Black "Prasad,D"]
[Result "1-0"]
[WhiteElo "2609"]
[BlackElo "2395"]

1.e4 e5 2.Nf3 Nc6 3.Bb5 a6 4.Ba4 Nf6 5.O-O Be7 6.Re1 b5 7.Bb3 d6 8.c3 O-O
9.h3 Bb7 10.d4 Re8 11.Nbd2 Bf8 12.a4 h6 13.Bc2 exd4 14.cxd4 Nb4 15.Bb1 c5
16.d5 Nd7 17.Ra3 f5 18.Nh2 c4 19.exf5 Nf6 20.Rg3 Bxd5 21.Ng4 Rxe1+ 22.Qxe1 Nxg4
23.hxg4 Qe7 24.Re3 Qh4 25.Nf3 Bxf3 26.Rxf3 Nd3 27.Qe6+ Kh8 28.f6 Ne5 29.fxg7+ Bxg7
30.Qf5  1-0

[Event "1st WinTV Open"]
[Site "Chennai IND"]
[Date "2004.02.01"]
[Round "13"]
[White "Shetty,R"]
[Black "Babu,NS"]
[Result "0-1"]
[WhiteElo "2382"]
[BlackElo "2339"]

1.e4 e5 2.Nf3 Nc6 3.Bb5 a6 4.Ba4 Nf6 5.O-O Be7 6.Re1 b5 7.Bb3 d6 8.c3 O-O
9.h3 Bb7 10.d4 Re8 11.Nbd2 Bf8 12.d5 Nb8 13.Nf1 Nbd7 14.N3h2 h6 15.Ng4 Nc5
16.Bc2 c6 17.Nxf6+ Qxf6 18.b4 Nd7 19.Ne3 Nb6 20.a4 cxd5 21.a5 Nc4 22.exd5 Nxe3
23.Bxe3 e4 24.Qd2 Rac8 25.Bd4 Qf5 26.f3 Bxd5 27.Re2 Bb7 28.Rf1 Qg6 29.Qf4 f5
30.fxe4 Bxe4 31.Ref2 d5 32.Bxe4 fxe4 33.Qe3 Bd6 34.Rf5 Rcd8 35.g4 Rf8 36.Kg2 Rxf5
37.Rxf5 Qe6 38.Kf2 Rf8 39.Rxf8+ Kxf8 40.Ke2 Kg8  0-1

[Event "Aeroflot Open"]
[Site "Moscow RUS"]
[Date "2004.02.19"]
[Round "3"]
[White "Asrian,K"]
[Black "Bacrot,E"]
[Result "1/2-1/2"]
[WhiteElo "2599"]
[BlackElo "2664"]

1.e4 e5 2.Nf3 Nc6 3.Bb5 a6 4.Ba4 Nf6 5.O-O Be7 6.Re1 b5 7.Bb3 d6 8.c3 O-O
9.h3 Bb7 10.d4 Re8 11.Ng5 Rf8 12.Nf3 Re8 13.Nbd2 Bf8 14.Bc2 g6 15.d5 Nb8
16.b3 c6 17.c4 a5 18.dxc6 Bxc6 19.cxb5 Bxb5 20.Nc4 Bxc4 21.bxc4 Na6 22.Ba4 Re7
23.Bg5 Bg7 24.Qd2  1/2-1/2

[Event "Aeroflot Open"]
[Site "Moscow RUS"]
[Date "2004.02.20"]
[Round "4"]
[White "Spraggett,K"]
[Black "Vescovi,G"]
[Result "1-0"]
[WhiteElo "2536"]
[BlackElo "2633"]

1.e4 e5 2.Nf3 Nc6 3.Bb5 a6 4.Ba4 Nf6 5.O-O Be7 6.Re1 b5 7.Bb3 d6 8.c3 O-O
9.h3 Bb7 10.d4 Re8 11.Nbd2 Bf8 12.Bc2 g6 13.d5 Nb8 14.c4 c6 15.b3 Qc7 16.Nf1 Nbd7
17.Bd2 Rec8 18.Rc1 bxc4 19.bxc4 Nc5 20.N3h2 h5 21.Qf3 Be7 22.Qa3 a5 23.Bb1 cxd5
24.exd5 Re8 25.Nf3 Nh7 26.Be3 Nd7 27.Ng3 f5 28.Bxf5 gxf5 29.Nxf5 Bf8 30.N3h4 Bc8
31.Bb6 Nxb6 32.Qg3+ Qg7 33.Nh6+ Kh8 34.Ng6+ Qxg6 35.Qxg6 Bxh6 36.Qxe8+ Bf8
37.Qc6  1-0